|
|
|
|
| LEADER |
00000cam a2200000 7i4500 |
| 001 |
0000000993 |
| 005 |
20220105103917.0 |
| 008 |
070703 |
| 020 |
|
|
|a 983041244X
|
| 090 |
0 |
0 |
|a JP
|b PR MAL (1131)
|
| 245 |
0 |
0 |
|a Buat baik dibalas baik
|
| 260 |
|
|
|a Kuala Lumpur :
|b Penerbitan Hasrat Pelajar ,
|c 2002
|
| 440 |
|
0 |
|a Kisah Si Kura-kura
|
| 500 |
|
|
|a Children age 4-6 years old (yellow)
|
| 650 |
|
0 |
|a Malay fiction
|
| 999 |
|
|
|a 0000766916
|b Book
|c Children Collection
|e Cawangan Bandar Penawar
|
| 999 |
|
|
|a 0000766918
|b Book
|c Children Collection
|e Cawangan Bandar Penawar
|
| 999 |
|
|
|a 0000773218
|b Book
|c Children Collection
|e Cawangan Pontian
|
| 999 |
|
|
|a 0000773219
|b Book
|c Children Collection
|e Cawangan Pontian
|
| 999 |
|
|
|a 0000773221
|b Book
|c Children Collection
|e Cawangan Pontian
|
| 999 |
|
|
|a 0000786879
|b Book
|c Children Collection
|e Cawangan Segamat
|
| 999 |
|
|
|a 0000786880
|b Book
|c Children Collection
|e Cawangan Segamat
|
| 999 |
|
|
|a 0000889887
|b Book
|c Children Collection
|e Cawangan Bandar Penawar
|
| 999 |
|
|
|a 0000889892
|b Book
|c Children Collection
|e Cawangan Tmn. Ungku Tun Aminah
|
| 999 |
|
|
|a 0000900666
|b Book
|c Children Collection
|e Cawangan Segamat
|
| 999 |
|
|
|a 0000900667
|b Book
|c Children Collection
|e Cawangan Segamat
|
| 999 |
|
|
|a 0000900671
|b Book
|c Children Collection
|e Cawangan Mersing
|
| 999 |
|
|
|a 0000956926
|b Book
|c Children Collection
|e Perbadanan Perpustakaan Awam Johor
|
| 999 |
|
|
|a 0000956927
|b Book
|c Children Collection
|e Perbadanan Perpustakaan Awam Johor
|
| 999 |
|
|
|a 0000956928
|b Book
|c Children Collection
|e Perbadanan Perpustakaan Awam Johor
|
| 999 |
|
|
|a 0001151627
|b Book
|c Children Collection
|e Cawangan Segamat
|